Normale Ansicht MARC-Ansicht ISBD

Ščeglovy : (Titelsatznr. 39594)

[ MARC ]
MARC-Details
000 -Satzkennung
Kontrollfeld mit fester Länge 00662nam a22002411c 4500
001 - Kontrollnummer
Kontrollfeld a987677550
008 - Feld mit fester Länge zur physischen Beschreibung - Allgemeine Angaben
Kontrollfeld mit fester Länge 161019s2005 gw |||| 000u rus d
020 ## - Internationale Standardbuchnummer
Internationale Standardbuchnummer 5988990053
Verknüpfung 5-98899-005-3
041 ## - Sprachcode
Sprachcode des Textes/der Tonspur oder des separaten Titels rus
040 ## - Katalogisierungsquelle
Übertragungsstelle RU-10907106
003 - Kontrollnummer Identifier
Kontrollfeld RU-10907106
100 1# - Haupteintragung - Personenname
Personenname Kuznecova, Ljubov' F.
245 00 - Titel
Titel Ščeglovy :
Zusatz zum Titel istoriko-genealogičeskoe issledovanie
264 ## - Produktion, Veröffentlichung, Distribution, Herstellung und Urheberrechtsvermerk
Herstellungs-, Veröffentlichungs- Vertriebs-, Erzeugungsort Kemerovo :
Produzent, Herausgeber, Distributor, Hersteller Skif,
Datum der Herstellung, der Veröffentlichung, des Vertriebs oder des Urheberschutzvermerks 2005
650 #0 - Nebeneintragung unter einem Schlagwort - Sachschlagwort
Sachschlagwort oder geografischer Name als Eintragungselement Genealogie
650 #0 - Nebeneintragung unter einem Schlagwort - Sachschlagwort
Sachschlagwort oder geografischer Name als Eintragungselement Kraevedenie
651 #0 - Nebeneintragung unter einem Schlagwort - Geografischer Name
Geografischer Name Sibirien
651 #0 - Nebeneintragung unter einem Schlagwort - Geografischer Name
Geografischer Name Kemerovo
651 #0 - Nebeneintragung unter einem Schlagwort - Geografischer Name
Geografischer Name
700 1# - Nebeneintragung - Personenname
Personenname Uskov, Igor' Ju.
Funktionsbezeichnung VerfasserIn
710 2# - Nebeneintragung - Körperschaftsname
Körperschafts- oder Gebietskörperschaftsname als Eintragungselement Institut ekologii čeloveka SO RAN : Administracia goroda Kemerovo
942 ## - Zusätzliche Felder (Koha)
Koha-Medientyp Monographien
Exemplare
Ausgeschieden Verloren Klassifikation oder Aufstellungssystematik Beschädigt Nicht entleihbar Heimatbibliothek Aufenthaltsbibliothek Aufstellungsort Erwerbungsdatum Inventarnummer Signatur Barcode Letzte Aktivität Preis gültig von Koha-Medientyp
    Andere/Generische Klassifikation     MWN Osteuropa MWN Osteuropa Magazin - 2 19/10/2016 16-03486 Ersatzß R 50 n Sibir 32 E0040150790F0333 23/02/2021 22/03/2021 Monographien